[Event "Havana Municipal-ch 12th"]
[Site "Havana"]
[Date "2009.09.22"]
[Round "6"]
[White "Gonzalez Vargas, Bartolome"]
[Black "Darias Camacho, Fernando Bernard"]
[Result "0-1"]
[WhiteElo "2045"]
[BlackElo "1906"]
[PlyCount "70"]
[EventDate "2009.09.15"]
[EventType "swiss"]
[EventRounds "11"]
[EventCountry "CUB"]
[EventCategory "1"]
[SourceTitle "EXT 2012"]
[Source "ChessBase"]
[SourceDate "2011.11.24"]
[SourceVersion "1"]
[SourceVersionDate "2011.11.24"]
[SourceQuality "1"]

1. c4 c6 2. g3 Nf6 3. Bg2 g6 4. Nc3 Bg7 5. d4 d5 6. c5 0-0 7. Nf3 Re8 8. 0-0 Nbd7 9. Re1 h5 10. Bf4 Nf8 11. Qd2 Bf5 12. Nh4 Qd7 13. b4 Bh3 14. Bh1 Kh7 15. e4 dxe4 16. Bxe4 Rad8 17. Rad1 Ne6 18. Be5 Nxe4 19. Rxe4 Bxe5 20. Rxe5 Qxd4 21. Qxd4 Nxd4 22. Rde1 Rd7 23. f4 Nc2 24. Rb1 Kg7 25. Rb2 f6 26. Re4 Nd4 27. a4 g5 28. fxg5 fxg5 29. Ng2 Rf8 30. Ne3 Nf3+ 31. Kh1 Nd2 32. Re5 Kf6 33. Re4 Nxe4 34. Nxe4+ Kg6 35. b5 Rd1+ 0-1

[Event "Havana Municipal-ch 12th"]
[Site "Havana"]
[Date "2009.09.17"]
[Round "2"]
[White "Cordero Leandro, Jorge Pablo"]
[Black "Darias Camacho, Fernando Bernard"]
[Result "1-0"]
[WhiteElo "2064"]
[BlackElo "1906"]
[PlyCount "45"]
[EventDate "2009.09.15"]
[EventType "swiss"]
[EventRounds "11"]
[EventCountry "CUB"]
[EventCategory "1"]
[SourceTitle "EXT 2012"]
[Source "ChessBase"]
[SourceDate "2011.11.24"]
[SourceVersion "1"]
[SourceVersionDate "2011.11.24"]
[SourceQuality "1"]

1. e4 c5 2. Nf3 Nf6 3. Nc3 e6 4. a3 Be7 5. d4 cxd4 6. Nxd4 0-0 7. Bd3 Nc6 8. Be3 Ne5 9. 0-0 Nxd3 10. cxd3 d6 11. f4 a6 12. Qf3 Qc7 13. Rac1 Qa5 14. g4 Rb8 15. g5 Ne8 16. Qh5 g6 17. Qh6 Ng7 18. f5 exf5 19. Nd5 Qd8 20. exf5 Bxf5 21. Nxf5 Nxf5 22. Rxf5 gxf5 23. Nf6+ 1-0